Sports Quiz

Random Sports or NFL Quiz

Most NFL Games with a Pass & Rush TD Quiz Stats

 Plays Quiz Updated Jan 4, 2019

Challenge
Share
Tweet
Embed
Score 0/41 Timer 05:00
4 Plays Today
Team Player % Correct
49ersSteve Young
94.4%
FalconsMichael Vick
87.3%
PatriotsTom Brady
87.2%
PanthersCam Newton
86.1%
49ersJoe Montana
84.7%
ColtsPeyton Manning
84.5%
BroncosJohn Elway
81.5%
PackersBrett Favre
81.4%
SteelersBen Roethlisberger
79.3%
EaglesDonovan McNabb
78.2%
VikingsDaunte Culpepper
76.9%
OilersWarren Moon
75.4%
PackersAaron Rodgers
74.8%
SteelersTerry Bradshaw
71.8%
EaglesRandall Cunningham
70.7%
SaintsDrew Brees
69.4%
TitansSteve McNair
68.8%
VikingsFran Tarkenton
65.5%
SeahawksRussell Wilson
62.6%
BengalsAndy Dalton
54.4%
CowboysRoger Staubach
52.8%
Team Player % Correct
SteelersKordell Stewart
51.7%
49ersJeff Garcia
50.2%
BillsTyrod Taylor
49.6%
CowboysDak Prescott
47.7%
RaidersRich Gannon
36.8%
BengalsKen Anderson
32.3%
RedskinsJoe Theismann
31.6%
RedskinsKirk Cousins
28.5%
BuccaneersVinny Testaverde
26.1%
JetsMark Sanchez
26.1%
PatriotsSteve Grogan
25.9%
BillsJack Kemp
16.5%
BearsJim Harbaugh
14.3%
GiantsJeff Hostetler
13.5%
49ersJohn Brodie
13.3%
RamsRoman Gabriel
12.8%
CardinalsJim Hart
12.5%
ChargersJohn Hadl
10.9%
EaglesNorm Snead
3.2%
BearsBilly Wade
2.1%

You're not logged in!

Compare scores with friends on all Sporcle quizzes.
OR
Log In

You Might Also Like...

Show Comments

Extras

Top Quizzes Today


Score Distribution

Your Account Isn't Verified!

In order to create a playlist on Sporcle, you need to verify the email address you used during registration. Go to your Sporcle Settings to finish the process.

Report this User

Report this user for behavior that violates our Community Guidelines.

Details: